| 000 | 00557nam a2200181 a 4500 | ||
|---|---|---|---|
| 005 | 20240614063722.0 | ||
| 008 | 030922s1986 mx r 000 0 spa d | ||
| 020 | _a9688580333 | ||
| 035 | _aUPN01000129034 | ||
| 049 | _aCG | ||
| 050 | 4 |
_aPE1119 _bD57 |
|
| 245 | 0 | 0 |
_aDiscovering meaning 1 : _ban integrated reading course in English : teacher's manual / _cYolanda Barragán... [et al.] |
| 260 |
_aMéxico : _bSITESA, _c1986. |
||
| 300 | _a68 p. | ||
| 650 | 4 |
_aInglés _xEstudio y enseñanza _918 |
|
| 700 | 1 |
_aBarragán, Yolanda, _ecoaut. |
|
| 905 | _aLibro | ||
| 999 |
_c101207 _d101207 |
||